000 00552nam a2200217Ia 4500
003 OSt
005 20260115124827.0
008 221004b |||||||| |||| 00| 0 kan d
037 _cTB
040 _aAL
_cAL
_bkan
041 _2kan
_akan
084 _aO33,3N16,1 31M9
_qAL
100 _aChaturanga
_9634713
245 0 _aMauna olam
260 _c1989.
300 _a359p.
365 _b50
_cINR
650 _aKANNAD LITERATURE
_9875901
942 _hO33,3N16,1 31M9
_cTB
_2CC
_n0
999 _c1049478
_d1049478